बिखरती-संवरती जिन्द़गी / (Record no. 50347)
[ view plain ]
| 000 -LEADER | |
|---|---|
| fixed length control field | 01223nam a22002777a 4500 |
| 005 - DATE AND TIME OF LATEST TRANSACTION | |
| control field | 20101206113148.0 |
| 008 - FIXED-LENGTH DATA ELEMENTS--GENERAL INFORMATION | |
| fixed length control field | 101206t xxu||||| |||| 00| 0 hin d |
| 010 ## - LCCN (DPL NO) | |
| LC control number | HIN-91791 |
| 020 ## - INTERNATIONAL STANDARD BOOK NUMBER | |
| Terms of availability | 115.00 |
| International Standard Book Number | 9788191030990 |
| 035 ## - SYSTEM CONTROL NUMBER | |
| System control number | HN-64137 |
| 037 ## - SOURCE OF ACQUISITION | |
| Source of stock number/acquisition | DBAD/PUB |
| 040 ## - CATALOGING SOURCE | |
| Original cataloging agency | DPL |
| Language of cataloging | HN |
| 082 ## - DEWEY DECIMAL CLASSIFICATION NUMBER | |
| Classification number | 821 |
| 100 ## - MAIN ENTRY--PERSONAL NAME | |
| 9 (RLIN) | 24598 |
| Personal name | त्यागी, साधना |
| 245 ## - TITLE STATEMENT | |
| Title | बिखरती-संवरती जिन्द़गी / |
| Statement of responsibility, etc | साधना त्यागी |
| 246 ## - VARYING FORM OF TITLE | |
| Title proper/short title | Bikharati-sawarati jindgi |
| Remainder of title | sadhana tyagi |
| 260 ## - PUBLICATION, DISTRIBUTION, ETC. (IMPRINT) | |
| Place of publication, distribution, etc | दिल्ली |
| Name of publisher, distributor, etc | यश पब्लिकेशन्स |
| Date of publication, distribution, etc | 2010 |
| 270 ## - ADDRESS | |
| Address | 1/11848 पंचशील गार्डन, नवीन शाहदरा |
| City | दिल्ली |
| Postal code | 110032 |
| Telephone number | मो.09899828223 ,09899938622 |
| Electronic mail address | yash-publication@hotmail.com |
| 300 ## - PHYSICAL DESCRIPTION | |
| Extent | 168पृ |
| Dimensions | 22सेमी (सजिल्द) |
| 650 ## - SUBJECT ADDED ENTRY--TOPICAL TERM | |
| 9 (RLIN) | 1169 |
| Topical term or geographic name as entry element | हिन्दी कविता |
| 650 ## - SUBJECT ADDED ENTRY--TOPICAL TERM | |
| 9 (RLIN) | 25727 |
| Topical term or geographic name as entry element | Hindi Poetry |
| 700 ## - ADDED ENTRY--PERSONAL NAME | |
| 9 (RLIN) | 24599 |
| 700 ## - ADDED ENTRY--PERSONAL NAME | |
| 9 (RLIN) | 25390 |
| 942 ## - ADDED ENTRY ELEMENTS (KOHA) | |
| Source of classification or shelving scheme | Dewey Decimal Classification |
| Item type | Hindi Books |
| Call number suffix | पाण्डेय |
| Classification part | 821 |
| Withdrawn status | Lost status | Source of classification or shelving scheme | Damaged status | Not for loan | Collection code | Home library | Current library | Date acquired | Source of acquisition | Cost, normal purchase price | Total Checkouts | Full call number | Barcode | Date last seen | Copy number | Cost, replacement price | Koha item type |
|---|---|---|---|---|---|---|---|---|---|---|---|---|---|---|---|---|---|
| Dewey Decimal Classification | Not For Loan | Non-fiction | D.B.Act.Division | D.B.Act.Division | 07/02/2011 | DBAD /PUB | 115.00 | 821 पाण्डेय | HN-64137 | 07/02/2011 | 1 | 115.00 | Hindi Books |
